000 00692nam a22002537a 4500
003 UA-OsUOA
001 32953
007 ta
008 20050224b un ||||| |||| 00| 0 ukr d
100 _aШминке Дон
090 _a65.01
_bШ73
942 _cBK
040 _aUA-OsUOA
_brus
_cUA-OsUOA
_dUA-OsUOA
245 _a47 принципов древних самураев, или Кодекс руководителя
_cПер. Ю. Я.Иванченко
300 _a160 с.
955 _a0
041 _arus
080 _a65.01
020 _a5-7905-1844-3 (Россия)
260 _aМ.
_bРИПОЛ КЛАССИК
_c2004
044 _aRU
650 7 _2UDC
999 _c319408
_d319408